Grand Prix of Japan 2005 Final Classification - Statistics

General Stats
  • This quiz has been taken 6 times
  • The average score is 15 of 20
Answer Stats
Position Nationality Team Answer % Correct
6 England RBR-Cosworth David Coulthard
100%
10 Brazil Sauber-Petronas Felipe Massa
100%
3 Spain Renault Fernando Alonso
100%
5 England BAR-Honda Jenson Button
100%
RET Colombia Mclaren-Mercedes Juan Pablo Montoya
100%
1 Finland Mclaren-Mercedes Kimi Raikkonen
100%
4 Australia Williams-BMW Mark Webber
100%
7 Germany Ferrari Michael Schumacher
100%
8 Germany Toyota Ralf Schumacher
100%
11 Brazil Ferrari Rubens Barrichello
100%
2 Italy Renault Giancarlo Fisichella
80%
12 Canada Sauber-Petronas Jacques Villeneuve
80%
RET Italy Toyota Jarno Trulli
80%
9 Austria RBR-Cosworth Christian Klien
60%
15 India Jordan-Toyota Narain Karthikeyan
60%
RET Brazil Williams-BMW Antonio Pizzonia
40%
16 The Netherlands Minardi-Cosworth Christijan Albers
40%
DSQ Japan BAR-Honda Takuma Sato
40%
13 Portugal Jordan-Toyota Tiago Monteiro
40%
14 The Netherlands Minardi-Cosworth Robert Doornbos
20%
No matching quizzes found
Score Distribution
Percent of People with Each Score
Percentile by Number Answered
Your Score History
You have not taken this quiz